Mathematical Methods (Record no. 63527)
[ view plain ]
| 000 -LEADER | |
|---|---|
| fixed length control field | 00467nam a22001937a 4500 |
| 003 - CONTROL NUMBER IDENTIFIER | |
| control field | NUST - PNEC |
| 005 - DATE AND TIME OF LATEST TRANSACTION | |
| control field | 20170116180816.0 |
| 008 - FIXED-LENGTH DATA ELEMENTS--GENERAL INFORMATION | |
| fixed length control field | 150525b xxu||||| |||| 00| 0 eng d |
| 020 ## - INTERNATIONAL STANDARD BOOK NUMBER | |
| International Standard Book Number | - |
| 040 ## - CATALOGING SOURCE | |
| Transcribing agency | LIBRARY |
| 082 ## - DEWEY DECIMAL CLASSIFICATION NUMBER | |
| Classification number | 510 YUS |
| 100 ## - MAIN ENTRY--PERSONAL NAME | |
| 9 (RLIN) | 3679 |
| Personal name | Yusuf, S.M. |
| 245 ## - TITLE STATEMENT | |
| Title | Mathematical Methods |
| Statement of responsibility, etc. | S.M. Yusuf |
| 250 ## - EDITION STATEMENT | |
| Edition statement | 2nd ed |
| 260 ## - PUBLICATION, DISTRIBUTION, ETC. | |
| Place of publication, distribution, etc. | Lahore |
| Name of publisher, distributor, etc. | Ilmi Kitab Khana |
| Date of publication, distribution, etc. | c2004. |
| 300 ## - PHYSICAL DESCRIPTION | |
| Extent | 554 p. : |
| 650 ## - SUBJECT ADDED ENTRY--TOPICAL TERM | |
| 9 (RLIN) | 3680 |
| Topical term or geographic name entry element | Mathematics |
| General subdivision | ME |
| 942 ## - ADDED ENTRY ELEMENTS (KOHA) | |
| Source of classification or shelving scheme | |
| Koha item type | Book |
| Withdrawn status | Lost status | Source of classification or shelving scheme | Damaged status | Not for loan | Permanent Location | Current Location | Shelving location | Date acquired | Source of acquisition | Cost, normal purchase price | Total Checkouts | Full call number | Barcode | Date last seen | Date last checked out | Cost, replacement price | Price effective from | Koha item type |
|---|---|---|---|---|---|---|---|---|---|---|---|---|---|---|---|---|---|---|
| Pakistan Navy Engineering College (PNEC) | Pakistan Navy Engineering College (PNEC) | 02/01/1996 | Mehran Book Bank / Library / Reference Grant | 125.00 | 4 | 510 YUS | PNECLIB-018352 | 06/01/2016 | 04/05/2016 | 125.00 | 02/01/1996 | Book | ||||||
| Pakistan Navy Engineering College (PNEC) | Pakistan Navy Engineering College (PNEC) | 2 | 510 YUS | PNECLIB-018335 | 04/19/2016 | 02/25/2016 | Book | |||||||||||
| Pakistan Navy Engineering College (PNEC) | Pakistan Navy Engineering College (PNEC) | 510 YUS | PNECLIB-018338 | 08/13/2015 | Book | |||||||||||||
| Pakistan Navy Engineering College (PNEC) | Pakistan Navy Engineering College (PNEC) | 510 YUS | PNECLIB-022867 | 08/22/2015 | Book | |||||||||||||
| Pakistan Navy Engineering College (PNEC) | Pakistan Navy Engineering College (PNEC) | 4 | 510 YUS | PNECLIB-018339 | 06/01/2016 | 05/07/2016 | Book | |||||||||||
| Pakistan Navy Engineering College (PNEC) | Pakistan Navy Engineering College (PNEC) | 2 | 510 YUS | PNECLIB-018330 | 05/16/2016 | 05/16/2016 | Book | |||||||||||
| Pakistan Navy Engineering College (PNEC) | Pakistan Navy Engineering College (PNEC) | 510 YUS | PNECLIB-018358 | 10/04/2015 | Book | |||||||||||||
| Pakistan Navy Engineering College (PNEC) | Pakistan Navy Engineering College (PNEC) | Donated | 0.00 | 510 YUS | PNECLIB-018365 | 03/03/2016 | 0.00 | Book |
